[Event "WIECC 2009"]
[Site "St. Petersburg RUS"]
[Date "2009.03.11"]
[Round "4.4"]
[White "Muzychuk, Anna"]
[Black "Shadrina, Tatiana"]
[Result "0-1"]
[WhiteElo "2540"]
[BlackElo "2416"]
[Annotator ""]
[Source ""]
[Remark ""]

1.e4 e5 2.Nf3 Nc6 3.d4 exd4 4.Bc4 Nf6 5.e5 d5 6.Bb5 Ne4 7.Nxd4
Bc5 8.Be3 Bd7 9.Bxc6 bxc6 10.O-O Qe7 11.Re1 O-O 12.f3 Ng5 13.Qd2
h6 14.Nc3 Bb6 15.Nb3 Qb4 16.Ne4 Qxd2 17.Nexd2 Ne6 18.c4 d4 19.Bf2
c5 20.a4 a5 21.Nc1 f5 22.exf6 Rxf6 23.Nd3 Nf4 24.Ne5 Bf5 25.Bg3
Nd3 26.Nxd3 Bxd3 27.Re7 Rf7 28.Re6 Raf8 29.Rae1 Rf6 30.h4 Rxe6
31.Rxe6 Kf7 32.Re5 Re8 33.h5 Rxe5 34.Bxe5 Bc2 35.b3 c6 36.Kf2
Bd8 37.g3 Bb6 38.Ke2 g6 39.g4 gxh5 40.gxh5 Bd8 41.Bd6 Ke6 42.Bxc5
Ke5 43.f4+ Kxf4 44.Bxd4 Kg4 45.Ba7 Kxh5 46.Kf3 Bf6 47.Bb6 Bc3
48.Ke3 Kg4 49.Bd4 Bb4 50.Bb6 h5 51.Nf3 c5 52.Ne5+ Kg3 53.Nd7
h4 54.Nxc5 h3 55.Bc7+ Kg2 56.Nd3 Bxd3 57.Kxd3 Bc5 58.b4 Bb6 59.Be5
axb4 60.Kc2 Kf3 61.Kb3 Ke4 62.Bh2 Ba5 63.Bg3 Kd4 64.Bd6 Ke4 65.Bh2
Kf5 66.Bg3 Ke6 67.Bh2 Kd7 68.Bg1 Kc6 69.Bh2 Kb7 70.c5 Kc6 71.Kc4
b3 72.Kxb3 Kxc5 73.Bg3 Kd4 74.Bd6 Ke4 75.Kc4 Bd2 76.Bh2 Bf4 77.Bg1
Kf3 78.a5 Kg2 79.a6 Bb8 80.Kb5 Kxg1 81.Kb6 h2 82.Kb7 h1Q+ 83.Kxb8
Qh8+ 84.Kb7 Qg7+ 85.Kb6 Qf6+ 86.Kb7 Qe7+ 87.Kb8 Qd6+ 88.Kb7 Qd7+
89.Kb8 Qb5+ 0-1

[Event "WIECC 2009"]
[Site "St. Petersburg RUS"]
[Date "2009.03.11"]
[Round "4.18"]
[White "Muzychuk, Mariya"]
[Black "Nebolsina, Vera"]
[Result "0-1"]
[WhiteElo "2427"]
[BlackElo "2312"]
[Annotator ""]
[Source ""]
[Remark ""]

1.e4 c5 2.Nc3 d6 3.Bb5+ Bd7 4.Bxd7+ Qxd7 5.f4 Nc6 6.Nf3 g6 7.O-O
Bg7 8.d3 Nf6 9.h3 d5 10.e5 Ng8 11.a4 h5 12.d4 c4 13.b3 cxb3 14.cxb3
Nh6 15.Ba3 Nf5 16.Qd3 O-O 17.Ne2 Rfc8 18.g4 hxg4 19.hxg4 Nfxd4
20.Nfxd4 Qxg4+ 21.Kf2 Nxd4 22.Qxd4 Rc2 23.Rae1 Rac8 24.Bb4 Qh3
25.Rg1 Qxb3 26.Rg3 Qxa4 27.Ra3 Qd7 28.Rc3 Rc4 29.Rxc4 Rxc4 30.Qd2
Bxe5 31.Rc1 Rxc1 32.Qxc1 Bf6 33.Qe3 d4 34.Qd3 Qg4 35.Bc5 Qh4+
36.Kg2 Qg4+ 37.Kf2 Qh4+ 38.Kg2 g5 39.Bxd4 gxf4 40.Bxf6 Qxf6 41.Kf3
e5 42.Nc3 Qh4 43.Qc4 Qg3+ 44.Ke4 f3 45.Qc8+ Kg7 46.Nd5 f2 47.Ne3
Qf4+ 48.Kd3 f1Q+ 49.Nxf1 Qxf1+ 50.Ke3 Qf4+ 51.Ke2 b5 52.Qb7 Qc4+
53.Ke3 Qd4+ 54.Ke2 b4 55.Qg2+ Kf6 56.Qf3+ Ke6 57.Qc6+ Kf5 58.Qf3+
Qf4 59.Qh5+ Ke6 60.Qh3+ Ke7 61.Qc8 Qe4+ 62.Kf2 b3 63.Qc7+ Kf6
64.Qd8+ Kg7 65.Qg5+ Kh7 66.Qh5+ Kg8 67.Qg5+ Qg6 68.Qxe5 Qb6+ 0-1

[Event "WIECC 2009"]
[Site "St. Petersburg RUS"]
[Date "2009.03.11"]
[Round "4.29"]
[White "Severiukhina, Zoja"]
[Black "Brunello, Marina"]
[Result "1/2-1/2"]
[WhiteElo "2327"]
[BlackElo "2106"]
[Annotator ""]
[Source ""]
[Remark ""]

1.e4 c5 2.Nf3 d6 3.d4 cxd4 4.Nxd4 Nf6 5.Nc3 a6 6.Be3 e6 7.f3
h5 8.Qd2 Qc7 9.a4 b6 10.Be2 Nbd7 11.O-O Bb7 12.Rfd1 Rc8 13.a5
b5 14.Bxb5 axb5 15.Ndxb5 Qb8 16.a6 Bc6 17.a7 Qa8 18.Nxd6+ Bxd6
19.Qxd6 h4 20.Ra5 Rh5 21.Rxh5 Nxh5 22.b4 Nhf6 23.b5 Bb7 24.Na4
Rxc2 25.Bc5 Qd8 26.b6 Rc4 27.Bb4 h3 28.Nc5 Qxb6 29.Qb8+ Nxb8
30.axb8Q+ Ke7 31.e5 Rxb4 32.Qxb7+ Qxb7 33.exf6+ Kxf6 34.Nxb7
Rxb7 35.gxh3 Rb2 36.Rd4 e5 37.Rg4 g6 38.h4 Kf5 39.h3 f6 40.Ra4
Rd2 41.Rg4 Ra2 42.Rb4 Re2 43.Kf1 Rd2 44.Rg4 Rd4 45.Kg2 Rd2+ 46.Kg3
Re2 47.Ra4 Re3 1/2-1/2

[Event "WIECC 2009"]
[Site "St. Petersburg RUS"]
[Date "2009.03.12"]
[Round "5.42"]
[White "Kadziolka, Beata"]
[Black "Cedikova, Katerina "]
[Result "1-0"]
[WhiteElo "2295"]
[BlackElo "2150"]
[Annotator ""]
[Source ""]
[Remark ""]

1.d4 Nf6 2.c4 g6 3.Nc3 Bg7 4.e4 d6 5.Nf3 O-O 6.h3 e5 7.d5 a5
8.Bg5 Na6 9.Be2 Qe8 10.Nd2 Nd7 11.a3 f6 12.Bh4 Nb6 13.b3 f5 14.O-O
Bh6 15.f3 Nc5 16.Ra2 Bd7 17.Bf2 Qe7 18.b4 Nba4 19.Nxa4 Nxa4 20.Rc2
axb4 21.axb4 b6 22.Kh1 Qg5 23.Qe1 Qe7 24.Bd3 Kh8 25.Nb3 fxe4
26.Bxe4 b5 27.c5 Bf5 28.cxd6 cxd6 29.Bxf5 gxf5 30.Nd4 Qb7 31.Ne6
Rfc8 32.Qd1 Rc4 33.Qd3 Rxc2 34.Qxc2 Qf7 35.Qc6 Rg8 36.Qxd6 Qf6
37.Qc6 Qg6 38.Rg1 Re8 39.Qxb5 Nc3 40.Qc4 Nxd5 41.Qxd5 Rxe6 42.b5
e4 43.fxe4 fxe4 44.Bd4+ Bg7 45.b6 Bxd4 46.Qxd4+ Kg8 47.b7 Re8
48.Qd5+ Kg7 49.b8Q 1-0

[Event "WIECC 2009"]
[Site "St. Petersburg RUS"]
[Date "2009.03.12"]
[Round "5.47"]
[White "Lomako, Anna"]
[Black "Gorbatenko, Kateryna"]
[Result "1-0"]
[WhiteElo "2277"]
[BlackElo "2071"]
[Annotator ""]
[Source ""]
[Remark ""]

1.e4 c5 2.Nc3 g6 3.f4 Bg7 4.Nf3 Nc6 5.Bb5 Nd4 6.Nxd4 cxd4 7.Ne2
e6 8.O-O Qb6 9.Bd3 Nf6 10.Kh1 d5 11.e5 Nd7 12.b4 f6 13.exf6 Bxf6
14.a4 a5 15.bxa5 Rxa5 16.Ba3 Rxa4 17.f5 e5 18.fxg6 Qa5 19.Nxd4
Rxa3 20.Rxa3 Qxa3 21.g7 exd4 22.Qh5+ Kd8 23.gxh8Q+ Bxh8 24.Qxh7
Be5 25.Qg8+ Kc7 26.Qxd5 Kb8 27.Bf5 Qa6 28.d3 Qh6 29.h3 Qg5 30.Qf3
Bd6 31.Rb1 Kc7 32.Rf1 Ne5 33.Qe4 Qg3 34.Bxc8 Kxc8 35.Qf4 Qxf4
36.Rxf4 Nxd3 37.Rf6 Be7 38.Rf7 Nb4 39.Rxe7 Nxc2 40.Kg1 b5 41.Re5
d3 42.Rxb5 Ne3 43.Rb2 Nc4 44.Rb3 1-0

[Event "WIECC 2009"]
[Site "St. Petersburg RUS"]
[Date "2009.03.12"]
[Round "5.54"]
[White "Lezhepekova, Veronika"]
[Black "Kirillova, Varvara"]
[Result "1/2-1/2"]
[WhiteElo "1917"]
[BlackElo "2246"]
[Annotator ""]
[Source ""]
[Remark ""]

1.e4 d6 2.d4 Nf6 3.Nc3 e5 4.dxe5 dxe5 5.Qxd8+ Kxd8 6.Bc4 Be6
7.Bxe6 fxe6 8.Be3 Bd6 9.O-O-O Ke7 10.f3 a6 11.Nge2 Nc6 12.Rd2
h6 13.h4 Nh5 14.Kb1 Raf8 15.Nc1 Na5 16.b3 Bb4 17.Kb2 Bd6 18.Rhd1
Nf4 19.Nd3 g5 20.hxg5 hxg5 21.g3 Nxd3+ 22.Rxd3 Kf6 23.Na4 Kg6
24.Bc5 b5 25.Bxd6 cxd6 26.Nb6 Nb7 27.Rc3 Rh3 28.Nd7 Rf7 29.Rc7
Nc5 30.Rxd6 Nxd7 31.Rcxd7 Rxd7 32.Rxd7 Rxg3 33.Rd3 Kf6 34.Kc3
a5 35.a4 b4+ 36.Kd2 Rg2+ 37.Kd1 g4 38.fxg4 Rxg4 39.Re3 Kg5 40.Kd2
Kf4 41.Kd3 Rg1 42.Re2 Rd1+ 43.Kc4 Kf3 44.Rh2 Kxe4 45.Rh4+ Kf5
46.Rh5+ Kf4 47.Rh6 Kf5 48.Rh5+ Kf6 49.Rh6+ Ke7 50.Rh3 Kd6 51.Re3
Rd2 52.Kb5 Rxc2 53.Kxa5 Rc3 54.Re4 Kd5 55.Kxb4 Rd3 56.Re2 e4
57.a5 e3 58.a6 Ke4 59.Ra2 Rd2 60.Rxd2 exd2 61.a7 d1Q 62.a8Q+
Ke3 63.Qg2 Qd4+ 64.Ka3 e5 65.Qg3+ Kd2 66.Qg2+ Kc1 67.Qf1+ Qd1
68.Qc4+ Qc2 69.Qf1+ Kd2 70.Qf2+ Kd3 71.Qf1+ Kd4 72.Qg1+ Kd5 73.Qg8+
Kd4 74.Qg1+ Kd5 1/2-1/2

[Event "WIECC 2009"]
[Site "St. Petersburg RUS"]
[Date "2009.03.12"]
[Round "5.55"]
[White "Petrukhina, Irina"]
[Black "Molchanova, Tatjana"]
[Result "0-1"]
[WhiteElo "1905"]
[BlackElo "2319"]
[Annotator ""]
[Source ""]
[Remark ""]

1.d4 Nf6 2.c4 e6 3.Nc3 Bb4 4.Qc2 d5 5.cxd5 exd5 6.Bg5 c5 7.Nf3
Nbd7 8.e3 Qa5 9.Bd3 c4 10.Bf5 O-O 11.O-O Re8 12.Rfc1 g6 13.Bxd7
Nxd7 14.Ne2 Bf8 15.Qc3 Qa6 16.a4 Nf6 17.Ng3 h6 18.Bf4 Be6 19.b4
b6 20.h4 Qb7 21.Ne5 Rac8 22.b5 Nh7 23.Ne2 Qe7 24.Bg3 Nf6 25.f3
Bg7 26.a5 Nh5 27.Nc6 Rxc6 28.bxc6 Nxg3 29.Nxg3 b5 30.Rcb1 a6
31.h5 Qc7 32.Kf2 Qxc6 33.hxg6 fxg6 34.Ne2 Bf8 35.Nf4 Bf7 36.Rh1
b4 37.Qb2 g5 38.Ne2 Qe6 39.Qc2 Bg6 40.Rhe1 Qf5 41.Qd2 Qc2 42.Qxc2
Bxc2 43.Rec1 Bd3 44.Rd1 Bg6 45.Rdc1 b3 46.Nc3 b2 47.Nxd5 bxa1Q
48.Rxa1 Rd8 49.Nb6 Bd3 50.d5 c3 51.Ke1 Bc5 52.e4 Be3 0-1

[Event "WIECC 2009"]
[Site "St. Petersburg RUS"]
[Date "2009.03.12"]
[Round "5.61"]
[White "Kuzevanova, Evgenia"]
[Black "Huda, Maryana"]
[Result "0-1"]
[WhiteElo "2131"]
[BlackElo "2240"]
[Annotator ""]
[Source ""]
[Remark ""]

1.e4 c5 2.Nf3 d6 3.d4 cxd4 4.Nxd4 Nf6 5.Nc3 a6 6.g3 e5 7.Nb3
Be7 8.Bg2 b5 9.a4 b4 10.Nd5 Nxd5 11.Qxd5 Ra7 12.Be3 Be6 13.Qd2
Rb7 14.O-O O-O 15.a5 Nd7 16.Rfd1 Qc7 17.Bf1 Qc6 18.Qd3 Rb5 19.f4
Rc8 20.Nd2 Nc5 21.Qe2 f6 22.Qf2 Rbb8 23.f5 Bf7 24.Bxc5 Qxc5 25.Qxc5
Rxc5 26.Bxa6 Rxc2 27.Bd3 Rxb2 28.Nc4 Rb3 29.Nb6 Bd8 30.Nd5 Bxd5
31.exd5 Rc3 32.a6 Bb6+ 33.Kg2 Ba7 34.Rac1 Rbc8 35.Rb1 b3 36.Bb5
Rc2+ 37.Kh3 b2 38.Bc6 g6 39.Rd3 Rb8 40.Bb7 gxf5 41.Rf3 e4 42.Rb3
Bd4 43.Rb4 Rc1 44.R1xb2 Bxb2 45.a7 Rd8 46.Rxb2 Ra1 47.a8Q Rdxa8
48.Bxa8 Rxa8 49.Kg2 Ra5 50.Rd2 Kf7 51.Kf2 Ra3 52.Ke2 Kg6 53.Rb2
Rd3 54.Rb5 h5 55.Ra5 f4 56.gxf4 Kf5 57.Rb5 Kxf4 58.Rb8 Rxd5 59.Rf8
f5 60.Rh8 Kg4 0-1

[Event "WIECC 2009"]
[Site "St. Petersburg RUS"]
[Date "2009.03.12"]
[Round "5.68"]
[White "Bogumil, Tatiana"]
[Black "Malinicheva, Lidia"]
[Result "1-0"]
[WhiteElo "2218"]
[BlackElo "2068"]
[Annotator ""]
[Source ""]
[Remark ""]

1.Nf3 d5 2.c4 c6 3.b3 Qb6 4.e3 Nf6 5.Nc3 Bg4 6.Be2 Nbd7 7.Ba3
Qa5 8.Qc1 dxc4 9.bxc4 a6 10.Rb1 Rb8 11.O-O c5 12.h3 Bf5 13.d3
e5 14.e4 Be6 15.Ng5 Be7 16.Bb2 O-O 17.a4 Rfd8 18.f4 h6 19.Nf3
exf4 20.Qxf4 Nh5 21.Qh2 Nhf6 22.e5 Nh7 23.Nd5 Kf8 24.Bc3 Qxa4
25.Nd2 Bg5 26.Nf4 Kg8 27.h4 Bxf4 28.Qxf4 Ndf8 29.Ne4 Qc6 30.Bf3
Qc7 31.Nd6 Ng6 32.Qg3 Qe7 33.h5 Ngf8 34.Bxb7 Ng5 35.Ba5 Rxd6
36.exd6 Qd7 37.Bc7 Rxb7 38.Rxb7 Bg4 39.Rb8 Bxh5 40.Bd8 f6 41.Be7
Nge6 42.Rxf6 Be8 43.Qg4 h5 44.Rxf8+ Nxf8 45.Qxd7 1-0

[Event "WIECC 2009"]
[Site "St. Petersburg RUS"]
[Date "2009.03.12"]
[Round "5.69"]
[White "Khropova, Larisa"]
[Black "Bezgodova, Svetlana"]
[Result "0-1"]
[WhiteElo "2060"]
[BlackElo "2214"]
[Annotator ""]
[Source ""]
[Remark ""]

1.d4 Nf6 2.c4 d6 3.Nc3 e5 4.Bg5 exd4 5.Qxd4 Be7 6.Nf3 Nc6 7.Qd2
Be6 8.e4 h6 9.Bf4 g5 10.Bg3 Nh5 11.Be2 Nxg3 12.hxg3 g4 13.Nd4
Bg5 14.Qd1 Nxd4 15.Qxd4 Qf6 16.Nb5 Kd7 17.Rd1 a6 18.Qxf6 Bxf6
19.Nd4 h5 20.Rd2 Rhg8 21.Kd1 Rg5 22.Kc2 Re8 23.a3 Bxc4 24.Bxc4
Rxe4 25.Bxf7 Rc5+ 26.Kb1 Rxd4 27.Re2 c6 28.Bxh5 Rb5 29.Bf7 Kc7
30.Rh7 Kb6 31.Be6 Ka7 32.Bc8 Rd3 33.Bxg4 Rdb3 34.Rf7 Bxb2 35.Kc2
Bxa3 36.Rfe7 d5 37.Re8 d4 38.R2e5 Rc3+ 39.Kd1 Rb1+ 40.Ke2 d3+
41.Ke3 Bc5+ 42.Ke4 d2 43.Rd8 Rc4+ 44.Kf5 Bd4 45.Re4 c5 46.Be2
d1Q 47.Bxd1 Rxd1 48.g4 Rg1 49.g3 Rc2 50.f4 Rxg3 51.g5 Rh2 52.Rd7
Rh8 53.Ree7 Rf8+ 54.Kg6 Rb3 55.f5 Rb6+ 56.f6 Bxf6 57.gxf6 Rfxf6+
58.Kg5 Rf1 59.Rc7 Rb2 60.Rxc5 Rg2+ 61.Kh6 Rh1+ 62.Rh5 Rxh5+ 63.Kxh5
a5 0-1

[Event "WIECC 2009"]
[Site "St. Petersburg RUS"]
[Date "2009.03.12"]
[Round "5.70"]
[White "Abuladze, Lana"]
[Black "Papadopoulou, Vera"]
[Result "1-0"]
[WhiteElo "2029"]
[BlackElo "2190"]
[Annotator ""]
[Source ""]
[Remark ""]

1.e4 d5 2.exd5 Qxd5 3.Nc3 Qd6 4.d4 Nf6 5.Nf3 c6 6.Ne5 Nbd7 7.f4
Nb6 8.g4 Qc7 9.g5 Nfd5 10.Ne4 Bf5 11.Bg2 e6 12.O-O h6 13.c4 Nb4
14.a3 Na6 15.Qh5 Rd8 16.Be3 Rh7 17.Qf3 Rh8 18.Ng3 hxg5 19.Nxf5
exf5 20.fxg5 g6 21.Bf4 Qc8 22.Rae1 Be7 23.Qe3 Qe6 24.Qc3 Qc8
25.Re2 Kf8 26.d5 Rh7 27.dxc6 Bc5+ 28.Kh1 Bd4 29.cxb7 Qe6 30.Qf3
Bxe5 31.Rxe5 Qxc4 32.Rc1 Qd4 33.Ra5 Rh4 34.Be3 Qd6 35.h3 Nc4
36.Rb5 Nxe3 37.Qxe3 Rd4 38.Re1 Qd7 39.Qe5 Kg8 40.b8Q Nxb8 41.Rxb8 1-0

[Event "WIECC 2009"]
[Site "St. Petersburg RUS"]
[Date "2009.03.13"]
[Round "6.1"]
[White "Melia, Salome"]
[Black "Hoang Thanh Trang"]
[Result "1/2-1/2"]
[WhiteElo "2422"]
[BlackElo "2483"]
[Annotator ""]
[Source ""]
[Remark ""]

1.e4 e6 2.d4 d5 3.Nc3 Bb4 4.e5 c5 5.Bd2 Ne7 6.a3 Bxc3 7.Bxc3
b6 8.b4 Qc7 9.Qd2 cxd4 10.Bxd4 Nbc6 11.Qc3 Nf5 12.Bb5 Nfxd4 13.Qxd4
Bd7 14.Bxc6 Qxc6 15.c3 a5 16.Ne2 axb4 17.cxb4 Qb5 18.h4 O-O 19.Rh3
Rfc8 20.Rc1 Rxc1+ 21.Nxc1 Qa6 22.Ne2 Bb5 23.Nf4 Rc8 24.Rc3 Rc4
25.Rxc4 Bxc4 26.Qe3 h6 1/2-1/2

[Event "WIECC 2009"]
[Site "St. Petersburg RUS"]
[Date "2009.03.13"]
[Round "6.7"]
[White "Foisor, Cristina-Adela"]
[Black "Ovod, Evgenija"]
[Result "1-0"]
[WhiteElo "2412"]
[BlackElo "2430"]
[Annotator ""]
[Source ""]
[Remark ""]

1.Nf3 d5 2.g3 c5 3.Bg2 Nc6 4.c4 d4 5.d3 e5 6.O-O Be7 7.e3 Be6
8.exd4 exd4 9.a3 h5 10.b4 cxb4 11.axb4 Bxb4 12.Qa4 Nge7 13.Ne5
Qb6 14.Ba3 Bxa3 15.Nxa3 Qc5 16.Rfe1 O-O 17.Qb5 Qd6 18.Nxc6 bxc6
19.Qxh5 Rab8 20.c5 Qd7 21.Nc4 Bxc4 22.dxc4 Rb4 23.Qe5 Nc8 24.Bf1
Rd8 25.Bd3 Rb7 26.h4 Ne7 27.Kg2 Qg4 28.Re4 Ng6 29.Qxg7+ Kxg7
30.Rxg4 Kh6 31.Re4 Rb3 32.Rd1 Rc3 33.f4 a5 34.f5 Nf8 35.g4 f6
36.Kg3 a4 37.Kf4 Rd7 38.g5+ Kg7 39.Re8 a3 40.Ra8 Rb7 41.Be4 d3
42.gxf6+ Kf7 43.Bxc6 Rxc4+ 44.Ke3 1-0

[Event "WIECC 2009"]
[Site "St. Petersburg RUS"]
[Date "2009.03.13"]
[Round "6.9"]
[White "Cherednichenko, Svetlana"]
[Black "Dzagnidze, Nana"]
[Result "0-1"]
[WhiteElo "2367"]
[BlackElo "2518"]
[Annotator ""]
[Source ""]
[Remark ""]

1.d4 Nf6 2.Nf3 e6 3.e3 b6 4.Bd3 Bb7 5.Nbd2 c5 6.O-O Be7 7.b3
cxd4 8.exd4 Nc6 9.Bb2 Nb4 10.Be2 O-O 11.c4 d5 12.Ne5 Rc8 13.f4
dxc4 14.bxc4 b5 15.a3 bxc4 16.Ndxc4 Nbd5 17.Bd3 Nb6 18.Nxb6 Qxb6
19.Qe2 g6 20.Rae1 Bd5 21.g4 Bd6 22.Rf2 Rfe8 23.f5 exf5 24.gxf5
Bf8 25.fxg6 hxg6 26.Qd2 Bg7 27.Ref1 Ne4 28.Bxe4 Bxe4 29.Qf4 f5
30.Qg5 Re6 31.Ba1 Bd5 32.Qg3 Qb3 33.Qxb3 Bxb3 34.h4 Bh6 35.Rg2
Be3+ 36.Kh2 Bd5 37.Re2 f4 38.Kh3 Rb6 39.Kg4 Be6+ 40.Kf3 Rb3 41.Nxg6
Kh7 42.Ne5 Bd5+ 43.Kg4 Rg8+ 44.Kf5 Rf8+ 45.Kg4 Bxd4 46.Nf3 Rxf3
47.Rxf3 Bxf3+ 48.Kxf3 Bxa1 49.Re7+ Kg6 50.Rxa7 Kf5 51.a4 Rh8
52.a5 Rxh4 53.Rf7+ Bf6 54.a6 Rh3+ 55.Kg2 Ra3 56.a7 Ke6 57.Rb7
Bd4 58.a8Q Rxa8 59.Kf3 Be5 0-1

[Event "WIECC 2009"]
[Site "St. Petersburg RUS"]
[Date "2009.03.13"]
[Round "6.19"]
[White "Peng, Zhaoqin"]
[Black "Grabuzova, Tatiana"]
[Result "0-1"]
[WhiteElo "2461"]
[BlackElo "2332"]
[Annotator ""]
[Source ""]
[Remark ""]

1.d4 e6 2.g3 d5 3.Nf3 c5 4.Bg2 Nf6 5.c4 cxd4 6.O-O dxc4 7.Nxd4
e5 8.Nb5 Qb6 9.N1c3 Bc5 10.a4 a5 11.Bg5 Nbd7 12.Nd5 Nxd5 13.Qxd5
h6 14.Bd2 O-O 15.Qxc4 Nf6 16.Rac1 Rd8 17.Bxh6 Bd4 18.Bg5 Be6
19.Qc7 Rd7 20.Qxb6 Bxb6 21.Rc3 Re8 22.Bxf6 gxf6 23.e3 Rb8 24.h3
Rd2 25.Rb1 Rbd8 26.g4 R8d7 27.Rc8+ Kg7 28.Rb8 f5 29.Bxb7 fxg4
30.hxg4 Bxg4 31.Bc8 Rd8 32.Rxb6 Rxc8 33.Rd6 Rcc2 34.Rxd2 Rxd2
35.b4 Bf5 36.Rb3 Be6 37.Rb1 Ba2 38.Ra1 axb4 39.a5 b3 40.Nc3 b2
41.Rxa2 b1Q+ 42.Nxb1 Rxa2 43.Nc3 Rxa5 44.Kg2 f5 45.Ne2 Kf6 46.Kf3
Ra4 47.Ng3 Kg5 48.Ne2 Ra3 49.Ng3 Ra2 50.Nf1 Rb2 51.Kg3 Rb3 52.Nd2
Rd3 53.Nf3+ Kf6 54.Ne1 Rc3 55.Ng2 Rc1 56.Nh4 Rg1+ 57.Kh2 Rg8
58.Nf3 f4 59.exf4 exf4 0-1

[Event "WIECC 2009"]
[Site "St. Petersburg RUS"]
[Date "2009.03.13"]
[Round "6.44"]
[White "Ivakhinova, Inna"]
[Black "Manakova, Maria"]
[Result "1/2-1/2"]
[WhiteElo "2224"]
[BlackElo "2299"]
[Annotator ""]
[Source ""]
[Remark ""]

1.e4 c5 2.Nf3 Nc6 3.d4 cxd4 4.Nxd4 e5 5.Nb5 d6 6.c4 a6 7.N5c3
Be6 8.Nd5 Rc8 9.Nbc3 Be7 10.g3 Bg5 11.Bxg5 Qxg5 12.Bg2 Qd8 13.O-O
Nge7 14.f4 exf4 15.gxf4 O-O 16.b3 f5 17.Qd3 fxe4 18.Qxe4 Bxd5
19.cxd5 Nb8 20.Qe6+ Kh8 21.Ne4 Nf5 22.Ng5 Rc7 23.Qe4 Re7 24.Ne6
Qb6+ 25.Rf2 Nd7 26.b4 Nh6 27.Bh3 Nf6 28.Qf3 Rc8 29.a3 Rc2 30.Raf1
Rd2 31.Kh1 Rxd5 32.Rc2 Nhg8 33.Rg1 Qb5 34.Qg2 Qd3 35.Nxg7 Qe4
36.Nf5 Re8 37.Qxe4 Nxe4 38.Rgc1 Rf8 39.Ng3 Rd4 40.Bg2 d5 41.Nxe4
dxe4 42.Rc4 Rxc4 43.Rxc4 Rxf4 44.Rxe4 Rf7 45.Re8 Rd7 46.Kg1 Kg7
47.Rb8 Rd1+ 48.Kf2 Rd2+ 49.Kf1 b5 50.Rb7+ Kf6 51.Rb6+ Ke5 52.Rxa6
Nf6 53.h3 Nh5 54.Bf3 Nf4 55.h4 Ne6 56.Ra7 Nd4 57.Bh5 h6 58.Be8
Kf4 59.h5 Rd1+ 60.Kf2 Rd2+ 61.Kf1 Rd1+ 62.Kg2 Rd2+ 63.Kf1 Rd1+
64.Kg2 Rd2+ 1/2-1/2

[Event "WIECC 2009"]
[Site "St. Petersburg RUS"]
[Date "2009.03.13"]
[Round "6.55"]
[White "Mamedjarova, Turkan"]
[Black "Minina, Veronika"]
[Result "1-0"]
[WhiteElo "2245"]
[BlackElo "2125"]
[Annotator ""]
[Source ""]
[Remark ""]

1.Nf3 Nf6 2.g3 g6 3.b3 Bg7 4.Bb2 O-O 5.Bg2 c5 6.c4 Nc6 7.O-O
Rb8 8.e3 b6 9.Nc3 Bb7 10.a3 e6 11.Ne2 Qe7 12.d4 cxd4 13.Nexd4
Nxd4 14.Bxd4 d5 15.cxd5 Bxd5 16.b4 Rbc8 17.Rc1 Rxc1 18.Qxc1 Qb7
19.Nh4 Bxg2 20.Nxg2 Ne4 21.Bxg7 Kxg7 22.f3 Rc8 23.Qb2+ Nc3 24.h4
Kg8 25.Kh2 Qa6 26.Rc1 Nb5 27.Ra1 Qa4 28.Qe5 Nc3 29.e4 Qc2 30.h5
Qd2 31.f4 Rd8 32.h6 Kf8 33.Qg7+ Ke7 34.f5 Nxe4 35.fxg6 Ng5 36.Rf1
hxg6 37.h7 Rd5 38.h8Q Nf3+ 39.Rxf3 1-0

[Event "WIECC 2009"]
[Site "St. Petersburg RUS"]
[Date "2009.03.13"]
[Round "6.62"]
[White "Kouvatsou, Maria"]
[Black "Samigullina, Diana"]
[Result "0-1"]
[WhiteElo "2208"]
[BlackElo "2083"]
[Annotator ""]
[Source ""]
[Remark ""]

1.e4 c5 2.Nf3 Nc6 3.Bb5 g6 4.O-O Bg7 5.c3 Qb6 6.Na3 a6 7.Bxc6
dxc6 8.Re1 Nf6 9.Nc4 Qd8 10.d3 O-O 11.Be3 Nd7 12.d4 b5 13.Nce5
Nxe5 14.Nxe5 Qd6 15.f4 c4 16.Qf3 f6 17.Ng4 Bxg4 18.Qxg4 f5 19.Qf3
fxe4 20.Qxe4 Bf6 21.Bf2 Qd5 22.Bg3 Kg7 23.Re2 Rad8 24.Rae1 b4
25.Qc2 bxc3 26.bxc3 c5 27.dxc5 Qxc5+ 28.Bf2 Qd5 29.Re4 Rf7 30.Bd4
Bxd4+ 31.Rxd4 Qc5 32.Ree4 Rxd4 33.cxd4 Qd5 34.g3 Rf8 35.Qb1 Rf6
36.Qb8 Kf7 37.Qe5 Qxe5 38.dxe5 Rc6 39.Re2 c3 40.Rc2 Ke6 41.Kf2
Kd5 42.Ke3 Kc4 43.g4 e6 44.Rf2 Rc5 45.Ke4 Rd5 46.f5 exf5+ 47.gxf5
Rd2 48.Rf1 gxf5+ 49.Ke3 Rd5 50.Rf4+ Kc5 51.Rf2 Kb4 52.e6 Re5+
53.Kd3 Rxe6 54.Rf4+ Re4 55.Rxf5 Rc4 56.Kc2 Rh4 57.Rf2 h5 58.Kd3
Rc4 59.Kc2 Rd4 60.Kc1 h4 61.Kc2 Rd2+ 62.Rxd2 cxd2 63.Kxd2 Ka3
64.Ke3 Kxa2 65.Kf4 a5 66.Kg4 a4 67.Kxh4 a3 68.Kg5 Kb3 0-1

[Event "WIECC 2009"]
[Site "St. Petersburg RUS"]
[Date "2009.03.13"]
[Round "6.74"]
[White "Papadopoulou, Vera"]
[Black "Grigoryeva, Olga A."]
[Result "1-0"]
[WhiteElo "2190"]
[BlackElo "2015"]
[Annotator ""]
[Source ""]
[Remark ""]

1.d4 d5 2.c4 e6 3.Nc3 c6 4.e3 f5 5.b3 Bd6 6.Bb2 Nf6 7.g3 O-O
8.Bg2 Bd7 9.Nf3 Be8 10.O-O Nbd7 11.Qc1 Qe7 12.a4 Ne4 13.Ne2 g5
14.Ne5 Bh5 15.f3 Nef6 16.e4 fxe4 17.Qxg5+ Qg7 18.Qxg7+ Kxg7 19.Nf4
exf3 20.Bh3 f2+ 21.Rxf2 Bf7 22.Bxe6 Ne4 23.Bxd7 Nxf2 24.Kxf2
Bg8 25.Kg2 Rad8 26.c5 Bb8 27.Re1 Kh6 28.Bc1 Kg7 29.Nh5+ Kh8 30.Bh6
Bxe5 31.dxe5 Bf7 32.e6 Bxh5 33.e7 Rg8 34.exd8Q Rxd8 35.Re7 d4
36.Bg7+ Kg8 37.Be6+ Bf7 38.Rxf7 Re8 39.Re7# 1-0

[Event "WIECC 2009"]
[Site "St. Petersburg RUS"]
[Date "2009.03.14"]
[Round "7.4"]
[White "Dzagnidze, Nana"]
[Black "Rajlich, Iweta"]
[Result "0-1"]
[WhiteElo "2518"]
[BlackElo "2399"]
[Annotator ""]
[Source ""]
[Remark ""]

1.d4 Nf6 2.c4 g6 3.Nc3 Bg7 4.Bg5 h6 5.Bh4 c5 6.d5 Qa5 7.Qd2 a6
8.e3 b5 9.cxb5 Bb7 10.Bxf6 Bxf6 11.a4 O-O 12.Ra3 d6 13.Nf3 Nd7
14.bxa6 Bxa6 15.Bxa6 Rxa6 16.O-O Qb4 17.Rfa1 Nb6 18.Qc2 c4 19.a5
Nd7 20.Ra4 Qb3 21.Qxb3 cxb3 22.Nd4 Nc5 23.Rb4 Rfa8 24.Nc6 e6
25.e4 Bxc3 26.bxc3 f5 27.f3 fxe4 28.fxe4 exd5 29.exd5 Re8 30.Rf1
Raa8 31.h4 Kg7 32.Nd4 Rxa5 33.Nxb3 Nxb3 34.Rxb3 Re7 35.c4 Ra4
36.Rf4 g5 37.Rd4 Kf6 38.Rf3+ Kg6 39.Kh2 Rc7 40.hxg5 hxg5 41.Re4
Rcxc4 42.Re6+ Kh5 43.Rxd6 Rh4+ 44.Kg1 Ra1+ 45.Rf1 Rh1+ 46.Kxh1
Rxf1+ 47.Kh2 Kg4 48.Rd8 Rd1 49.d6 Rd2 50.Kg1 Kg3 51.Kf1 g4 52.d7
Rf2+ 53.Ke1 Rf7 54.Ke2 Kxg2 55.Ke3 g3 56.Ke4 Kf2 57.Ke5 g2 58.Ke6
Rxd7 59.Rxd7 g1Q 60.Rd5 Qg6+ 61.Ke5 Ke3 62.Rc5 Qe4+ 63.Kd6 Kd4
64.Rb5 Qg6+ 65.Kc7 Qe8 66.Kb6 Kc4 67.Rc5+ Kb4 68.Rc7 Qb5+ 69.Ka7
Ka5 70.Ka8 Qd5+ 71.Ka7 Qd4+ 72.Kb7 Qe4+ 73.Ka7 Qd5 74.Rh7 Qd4+
75.Kb8 Qe5+ 76.Ka7 Qe3+ 77.Kb8 Kb6 78.Rb7+ Ka6 79.Rd7 Qc5 80.Rh7
Qe5+ 81.Kc8 Qf5+ 82.Rd7 Kb6 0-1

[Event "WIECC 2009"]
[Site "St. Petersburg RUS"]
[Date "2009.03.14"]
[Round "7.16"]
[White "Peptan, Corina-Isabela"]
[Black "Severiukhina, Zoja"]
[Result "0-1"]
[WhiteElo "2401"]
[BlackElo "2327"]
[Annotator ""]
[Source ""]
[Remark ""]

1.e4 e6 2.d4 d5 3.Nd2 Nf6 4.e5 Nfd7 5.Bd3 c5 6.c3 Nc6 7.Ne2 Qb6
8.Nf3 f6 9.exf6 Nxf6 10.O-O Bd6 11.Be3 O-O 12.dxc5 Bxc5 13.Bxc5
Qxc5 14.Ned4 Bd7 15.Re1 Rae8 16.Qd2 g6 17.Rad1 a5 18.Nxc6 Bxc6
19.Qg5 Kg7 20.Nd4 Bd7 21.Re3 Qb6 22.b3 Qc7 23.Rde1 e5 24.Rxe5
Ne4 25.Re7+ Rxe7 26.Qxe7+ Rf7 27.Ne6+ Bxe6 28.Qxe6 Qxc3 29.Rxe4
dxe4 30.Qxe4 Qc5 31.Qh4 Rd7 32.Bf1 Rd1 33.h3 Qe5 34.Qc4 b5 35.Qh4
Rd4 36.g4 g5 37.Qh5 Rd2 38.h4 Qf4 39.Qxg5+ Qxg5 40.hxg5 b4 41.Bc4
Kg6 42.Kg2 Kxg5 43.Kg3 h6 44.f4+ Kf6 45.Kf3 Rxa2 46.Ke3 Rg2 47.Kf3
Rc2 48.Bd5 Rc5 49.Bg8 a4 50.bxa4 b3 51.Ke3 b2 52.Bh7 Rc1 53.Kd4
Kg7 54.Be4 b1Q 55.Bxb1 Rxb1 56.Kc5 Rg1 57.g5 h5 58.a5 h4 0-1

[Event "WIECC 2009"]
[Site "St. Petersburg RUS"]
[Date "2009.03.14"]
[Round "7.32"]
[White "Ziaziulkina, Nastassia"]
[Black "Savina, Anastasia"]
[Result "0-1"]
[WhiteElo "1950"]
[BlackElo "2297"]
[Annotator ""]
[Source ""]
[Remark ""]

1.e4 c5 2.Nf3 e6 3.d4 cxd4 4.Nxd4 a6 5.Bd3 Bc5 6.Nb3 Ba7 7.Qg4
Nf6 8.Qg3 d6 9.Nc3 Nc6 10.O-O b5 11.a3 Bb7 12.Bg5 Ne5 13.Rad1
Rc8 14.Kh1 h6 15.Bc1 h5 16.h3 Kf8 17.Bg5 Qe8 18.Be3 h4 19.Qg5
Rh5 20.Qf4 Bb8 21.Bb6 Ned7 22.Qe3 Nxb6 23.Qxb6 Qc6 24.Qe3 Qc7
25.f4 Rh8 26.Be2 Nh5 27.Bxh5 Rxh5 28.Nd4 Kg8 29.Nf3 Qc5 30.Qxc5
dxc5 31.Nd2 Kf8 32.Ne2 Ke7 33.c4 bxc4 34.e5 f6 35.exf6+ gxf6
36.Nxc4 Rg8 37.Rf2 Rd5 38.Rxd5 Bxd5 39.Ne3 Bb7 40.f5 e5 41.Nc3
Rd8 42.Kg1 c4 43.Kf1 Ba7 44.Ke2 Rg8 45.Ncd1 Be4 46.Kd2 Bd4 47.Ke1
Rg3 48.Kd2 Rg8 49.Ke1 Bd3 50.Kd2 e4 51.Ke1 Be5 52.Rd2 Bg3+ 53.Nf2
Kf7 54.Kd1 Bf4 55.Nfg4 Rb8 56.Ke1 Bg3+ 57.Nf2 c3 58.bxc3 Rb1+
59.Rd1 Rb2 60.Neg4 Re2+ 0-1

[Event "WIECC 2009"]
[Site "St. Petersburg RUS"]
[Date "2009.03.14"]
[Round "7.33"]
[White "Kadziolka, Beata"]
[Black "Kostiukova, Liubov"]
[Result "1-0"]
[WhiteElo "2295"]
[BlackElo "2235"]
[Annotator ""]
[Source ""]
[Remark ""]

1.d4 Nf6 2.c4 g6 3.Nc3 Bg7 4.e4 d6 5.Nf3 O-O 6.Be2 e5 7.O-O Nc6
8.d5 Ne7 9.b4 Nh5 10.c5 Nf4 11.Bxf4 exf4 12.Rc1 f5 13.e5 dxe5
14.d6 cxd6 15.cxd6 Nc6 16.Qd5+ Kh8 17.b5 Nb8 18.Nxe5 Qe8 19.Nf3
Nd7 20.Rfe1 Nf6 21.Qd2 Ne4 22.Nxe4 fxe4 23.Bd3 Bf5 24.Bxe4 Bxe4
25.Rc4 Rd8 26.Rcxe4 Qxb5 27.Rxf4 Rxf4 28.Qxf4 Qd5 29.h4 h6 30.Ne5
Kh7 31.Nf7 Rf8 32.Re7 Kg8 33.d7 g5 34.Qd6 Qxd6 35.Nxd6 Bf6 36.Re8
gxh4 37.Nxb7 Kf7 38.Rxf8+ Kxf8 39.d8Q+ 1-0